| 000 | 00435nam a2200169Ia 4500 | ||
|---|---|---|---|
| 008 | 191130s2003##################000#0#eng## | ||
| 020 | _a9780719574498 | ||
| 040 |
_aACL _cACL |
||
| 082 | _a510 MUR | ||
| 245 |
_aMaths now _cJohn Murray |
||
| 260 |
_aLondon _bJohn Murray Publishers Ltd _c2003 |
||
| 300 | _a312 p | ||
| 650 | _aMathematics | ||
| 990 | _a92e9f4b5ac10000c4187a17d49a41540 | ||
| 991 | _a102870 | ||
| 999 |
_c6082 _d6082 |
||